Vitamin Names - Statistics

General Stats
  • This quiz has been taken 98 times
  • The average score is 6 of 13
Answer Stats
Hint Answer % Correct
B3 Niacin
73%
B2 Riboflavin
73%
B1 Thiamine
73%
A Retinol
65%
C Ascorbic Acid
59%
B7 Biotin
54%
B12 Cobalamin
49%
D Calciferol
41%
B8 Folate
35%
B5 Pantothenic Acid
32%
B6 Pyridoxine
30%
K Phylloquinone
24%
E Tocopherol
24%
No matching quizzes found
Score Distribution
Percent of People with Each Score
Percentile by Number Answered
Your Score History
You have not taken this quiz